| 000 | 00853cam a22002771i 4500 | ||
|---|---|---|---|
| 001 | 8374163 | ||
| 003 | EG-ScBUE | ||
| 005 | 20240401092959.0 | ||
| 008 | 720823s1952 nyu f 000 0 eng d | ||
| 035 | _a(OCoLC)388125 | ||
| 040 |
_aDLC _beng _erda _cODaWU _dOCoLC _dDLC _dEG-ScBUE |
||
| 041 | 1 |
_aeng _hfre |
|
| 082 | 0 | 4 |
_222 _bSIE _a940.55 |
| 100 | 1 |
_aSiegfried, Andre, _d1875-1959, _eauthor. _910251 |
|
| 245 | 1 | 0 |
_aNations have souls / _bby Andre Siegfried ; translated by Edward Fitzgerald. |
| 264 | 1 |
_aNew York : _bG. P. Putnam, _c[1952] |
|
| 264 | 4 | _cc1952 | |
| 300 |
_a213 pages ; _c20 cm |
||
| 336 |
_2rdacontent _atext _btxt |
||
| 337 |
_aunmediated _2rdamedia _bn |
||
| 338 |
_avolume _bnc _2rdacarrier |
||
| 650 | 7 |
_aCivilization, Modern. _2BUEsh _910252 |
|
| 655 | _vReading book | ||
| 942 |
_2ddc _cBB |
||
| 999 |
_c13111 _d13111 |
||